Výchova k manželstvu a rodičovstvu a sexuálna výchova osôb s mentálnym postihnutím

Bibliographic Details
Main Author: Lištiak Mandzáková, Stanislava, 1976- (Author)
Format: Book
Language:Slovak
PhysicalDescription:109 s. tab. 30 cm
Published: Prešov Prešovská univerzita - Pedagogická fakulta 2008
ISBN:9788080688547
Edition:1. vyd.
Series:Vysokoškolský učebný text
Subjects:

MARC

LEADER 00000cam a2200000 a 4500
001 vtls009463603
003 SK-MaSNL
005 20260302080417.0
008 240315s2008 xo l d p 000 0 slo
015 |a SNBA2009/03-01341 
020 |a 9788080688547  |q (brož.) 
035 |a C769713E-4BBC-4824-B8FB-488669C77C79 
035 |a urn:nbn:sk:snk-amjvtq 
035 |a urn:nbn:sk:snk-am0056pq 
040 |a SNK  |b slo  |c SNK  |e AACR2 
041 0 |a slo 
044 |a xo  |c SK 
072 7 |a 37  |x Výchova a vzdelávanie  |2 konspekt 
072 7 |a 613  |x Hygiena. Ľudské zdravie  |2 konspekt 
080 |a 37.017:173.1  |2 2001 
080 |a 37.017:173.5-055.52  |2 2001 
080 |a 613.88:37.016  |2 2001 
080 |a 316.344.6-056.36  |2 2001 
080 |a (075.8)  |2 2001 
100 1 |a Lištiak Mandzáková, Stanislava,  |d 1976-  |4 aut  |9 258427 
245 1 0 |a Výchova k manželstvu a rodičovstvu a sexuálna výchova osôb s mentálnym postihnutím  |c Stanislava Mandzáková 
250 |a 1. vyd. 
260 |a Prešov  |b Prešovská univerzita - Pedagogická fakulta  |c 2008 
300 |a 109 s.  |b tab.  |c 30 cm 
366 |e 200 výt. 
490 1 |a Vysokoškolský učebný text 
504 |a Bibliogr. s. 90-92 
650 0 7 |a výchova k manželstvu  |2 SNKPH  |9 1696 
650 0 7 |a výchova k rodičovstvu  |2 SNKPH  |9 1693 
650 0 7 |a sexuálna výchova  |2 SNKPH  |9 2589 
650 0 7 |a mentálne postihnutí  |2 SNKPH  |9 1248 
650 0 7 |a Education for marriage  |2 SNKPHeng  |9 328748 
650 0 7 |a Education for parenting  |2 SNKPHeng  |9 310015 
650 0 7 |a Sex education  |2 SNKPHeng  |9 330319 
650 0 7 |a People with mental disabilities  |2 SNKPHeng  |9 333141 
655 7 |a učebnice vysokých škôl  |2 SNKPH  |9 70191 
655 7 |a Textbooks (higher)  |2 SNKPHeng  |9 276436 
830 0 |a Vysokoškolský učebný text  |9 296395 
919 |a 978-80-8068-854-7 
958 |a NB 
968 |d 37 
999 |c 1172992  |d 1174922 
952 |a SNK  |b SNK  |y PREZ  |7 0  |p 17A0612863  |o snkSB 77398  |i snk2009/3699  |8 0  |0 0  |1 0  |4 0  |d 2009-02-25  |f 1  |l 0  |r 2025-04-28 00:00:00  |w 2026-02-24 
952 |a SNK  |b SNK  |y VYP  |7 0  |p 17A0612864  |o snkSB 77398 D1  |i snk2009/3701  |8 0  |0 0  |1 0  |4 0  |d 2009-02-25  |l 0  |r 2016-06-30 00:00:00  |w 2026-02-24